[Event "DEM U18w 2025"]
[Site "Willingen GER"]
[Date "2025.06.14"]
[Round "9"]
[White "Bursan, Ana-Maria"]
[Black "Malmström, Eva"]
[Result "0-1"]
[Termination "normal"]
[Board "5"]
[WhiteElo "1894"]
[BlackElo "1929"]
[WhiteClock "00:35:39"]
[BlackClock "00:23:42"]
[PlyCount "132"]
[WhiteFideId "34620150"]
[BlackFideId "34607072"]
[EventCountry "GER"]
[EventRounds "9"]
[EventType "swiss"]
[EventDate "2025.06.07"]

1. e4 {[%clk 01:30:57]} e5 {[%clk 01:30:54]} {[%emt 00:00:07]} 2. Nf3 {[%clk
01:31:21]} {[%emt 00:00:06]} Nc6 {[%clk 01:31:16]} {[%emt 00:00:08]} 3. Bb5
{[%clk 01:31:44]} {[%emt 00:00:07]} a6 {[%clk 01:31:17]} {[%emt 00:00:29]} 4.
Ba4 {[%clk 01:32:02]} {[%emt 00:00:12]} Nf6 {[%clk 01:31:40]} {[%emt 00:00:06]}
5. O-O {[%clk 01:32:13]} {[%emt 00:00:20]} d6 {[%clk 01:32:03]} {[%emt
00:00:06]} 6. c3 {[%clk 01:32:19]} {[%emt 00:00:24]} Bg4 {[%clk 01:25:46]}
{[%emt 00:06:46]} 7. h3 {[%clk 01:27:05]} {[%emt 00:05:45]} Bh5 {[%clk
01:23:21]} {[%emt 00:02:53]} 8. Re1 {[%clk 01:25:40]} {[%emt 00:01:56]} Be7
{[%clk 01:22:14]} {[%emt 00:01:37]} 9. d3 {[%clk 01:17:41]} {[%emt 00:08:30]}
O-O {[%clk 01:21:06]} {[%emt 00:01:36]} 10. g4 {[%clk 01:15:03]} {[%emt
00:03:09]} Bg6 {[%clk 01:21:26]} {[%emt 00:00:11]} 11. Nh4 {[%clk 01:13:57]}
{[%emt 00:01:36]} Nd7 {[%clk 01:18:29]} {[%emt 00:03:26]} 12. Nxg6 {[%clk
01:13:21]} {[%emt 00:01:07]} hxg6 {[%clk 01:18:57]} {[%emt 00:00:02]} 13. f4
{[%clk 01:08:13]} {[%emt 00:05:38]} f5 {[%clk 00:59:56]} {[%emt 00:19:31]} 14.
Bb3+ {[%clk 01:04:21]} {[%emt 00:04:22]} Kh7 {[%clk 00:57:17]} {[%emt
00:03:08]} 15. gxf5 {[%clk 01:02:31]} {[%emt 00:02:21]} exf4 {[%clk 00:52:32]}
{[%emt 00:05:15]} 16. fxg6+ {[%clk 00:58:40]} {[%emt 00:04:21]} Kxg6 {[%clk
00:52:44]} {[%emt 00:00:17]} 17. Qg4+ {[%clk 00:56:05]} {[%emt 00:03:07]} Bg5
{[%clk 00:52:53]} {[%emt 00:00:19]} 18. d4 {[%clk 00:38:10]} {[%emt 00:18:26]}
Nde5 {[%clk 00:44:41]} {[%emt 00:08:41]} 19. dxe5 {[%clk 00:35:04]} {[%emt
00:03:38]} Nxe5 {[%clk 00:45:08]} {[%emt 00:00:02]} 20. Qd1 {[%clk 00:23:05]}
{[%emt 00:12:29]} Qd7 {[%clk 00:25:03]} {[%emt 00:20:33]} 21. Re2 {[%clk
00:20:52]} {[%emt 00:02:45]} Nf3+ {[%clk 00:10:50]} {[%emt 00:14:42]} 22. Kg2
{[%clk 00:17:07]} {[%emt 00:04:16]} Rh8 {[%clk 00:08:48]} {[%emt 00:02:31]} 23.
Qh1 {[%clk 00:17:05]} {[%emt 00:00:31]} Rxh3 {[%clk 00:03:42]} {[%emt
00:05:37]} 24. Qxh3 {[%clk 00:16:24]} {[%emt 00:01:12]} Qxh3+ {[%clk 00:03:53]}
{[%emt 00:00:19]} 25. Kxh3 {[%clk 00:16:49]} {[%emt 00:00:04]} Ng1+ {[%clk
00:04:15]} {[%emt 00:00:07]} 26. Kg2 {[%clk 00:16:38]} {[%emt 00:00:42]} Nxe2
{[%clk 00:04:01]} {[%emt 00:00:43]} 27. Nd2 {[%clk 00:16:56]} {[%emt 00:00:12]}
Nxc1 {[%clk 00:03:48]} {[%emt 00:00:43]} 28. Bc4 {[%clk 00:15:34]} {[%emt
00:01:53]} b5 {[%clk 00:02:45]} {[%emt 00:01:33]} 29. Bd5 {[%clk 00:15:33]}
{[%emt 00:00:30]} Rf8 {[%clk 00:02:23]} {[%emt 00:00:49]} 30. Nf3 {[%clk
00:15:51]} {[%emt 00:00:14]} Nd3 {[%clk 00:02:25]} {[%emt 00:00:28]} 31. b4
{[%clk 00:15:09]} {[%emt 00:01:13]} Ne5 {[%clk 00:01:38]} {[%emt 00:01:16]} 32.
a4 {[%clk 00:15:34]} {[%emt 00:00:05]} c6 {[%clk 00:01:45]} {[%emt 00:00:24]}
33. Be6 {[%clk 00:15:50]} {[%emt 00:00:14]} Kf6 {[%clk 00:01:31]} {[%emt
00:00:43]} 34. Bb3 {[%clk 00:15:20]} {[%emt 00:01:01]} Rh8 {[%clk 00:01:19]}
{[%emt 00:00:41]} 35. axb5 {[%clk 00:15:02]} {[%emt 00:00:49]} axb5 {[%clk
00:01:39]} {[%emt 00:00:10]} 36. Nd4 {[%clk 00:14:51]} {[%emt 00:00:41]} f3+
{[%clk 00:01:34]} {[%emt 00:00:36]} 37. Nxf3 {[%clk 00:14:40]} {[%emt
00:00:40]} Nxf3 38. Kxf3 {[%clk 00:15:08]} Rh3+ {[%clk 00:02:17]} {[%emt
00:00:10]} 39. Kg4 {[%clk 00:15:37]} {[%emt 00:00:02]} Rxc3 {[%clk 00:01:10]}
{[%emt 00:01:37]} 40. Bg8 {[%clk 00:12:24]} {[%emt 00:03:41]} Bh6 {[%clk
00:00:43]} {[%emt 00:00:56]} 41. Ra8 {[%clk 00:10:02]} {[%emt 00:02:53]} Rc1
{[%clk 00:28:16]} {[%emt 00:02:56]} 42. Re8 {[%clk 00:37:54]} {[%emt 00:02:39]}
g6 {[%clk 00:24:55]} {[%emt 00:03:51]} 43. Ba2 {[%clk 00:34:24]} {[%emt
00:04:00]} Rc2 {[%clk 00:24:35]} {[%emt 00:00:46]} 44. Re6+ {[%clk 00:30:51]}
{[%emt 00:04:06]} Kf7 {[%clk 00:21:17]} {[%emt 00:03:49]} 45. Rxd6+ {[%clk
00:31:11]} {[%emt 00:00:10]} Rxa2 {[%clk 00:21:17]} {[%emt 00:00:29]} 46. Rxc6
{[%clk 00:31:39]} {[%emt 00:00:03]} Re2 {[%clk 00:20:11]} {[%emt 00:01:30]} 47.
Rc7+ {[%clk 00:30:50]} {[%emt 00:01:26]} Ke8 {[%clk 00:20:22]} {[%emt
00:00:15]} 48. Rh7 {[%clk 00:30:02]} {[%emt 00:01:20]} Rxe4+ {[%clk 00:20:43]}
{[%emt 00:00:10]} 49. Kf3 {[%clk 00:30:24]} {[%emt 00:00:09]} Rh4 {[%clk
00:20:55]} {[%emt 00:00:15]} 50. Kg3 {[%clk 00:30:32]} {[%emt 00:00:24]} Rh5
{[%clk 00:20:10]} {[%emt 00:01:14]} 51. Kg4 {[%clk 00:30:14]} {[%emt 00:00:49]}
Bd2 {[%clk 00:20:11]} {[%emt 00:00:27]} 52. Rxh5 {[%clk 00:30:02]} {[%emt
00:00:44]} gxh5+ {[%clk 00:20:30]} {[%emt 00:00:11]} 53. Kxh5 {[%clk 00:30:29]}
{[%emt 00:00:04]} Bxb4 {[%clk 00:20:46]} {[%emt 00:00:14]} 54. Kg4 {[%clk
00:30:54]} {[%emt 00:00:04]} Kd7 {[%clk 00:21:05]} {[%emt 00:00:11]} 55. Kf3
{[%clk 00:31:14]} {[%emt 00:00:11]} Kc6 {[%clk 00:21:25]} {[%emt 00:00:10]} 56.
Ke2 {[%clk 00:31:36]} {[%emt 00:00:09]} Kc5 {[%clk 00:21:39]} {[%emt 00:00:16]}
57. Kd3 {[%clk 00:31:59]} {[%emt 00:00:06]} Ba5 {[%clk 00:21:52]} {[%emt
00:00:17]} 58. Kc2 {[%clk 00:32:25]} {[%emt 00:00:05]} Kc4 {[%clk 00:22:11]}
{[%emt 00:00:11]} 59. Kb2 {[%clk 00:32:47]} {[%emt 00:00:08]} b4 {[%clk
00:22:27]} {[%emt 00:00:14]} 60. Kc2 {[%clk 00:33:12]} {[%emt 00:00:05]} b3+
{[%clk 00:22:47]} {[%emt 00:00:10]} 61. Kb2 {[%clk 00:33:39]} {[%emt 00:00:03]}
Bc3+ {[%clk 00:22:17]} {[%emt 00:00:59]} 62. Kc1 {[%clk 00:33:54]} {[%emt
00:00:16]} Kd3 {[%clk 00:22:31]} {[%emt 00:00:15]} 63. Kb1 {[%clk 00:34:21]}
{[%emt 00:00:05]} b2 {[%clk 00:22:46]} {[%emt 00:00:15]} 64. Ka2 {[%clk
00:34:44]} {[%emt 00:00:07]} Kc2 {[%clk 00:23:07]} {[%emt 00:00:08]} 65. Ka3
{[%clk 00:35:10]} {[%emt 00:00:04]} b1=Q {[%clk 00:23:23]} {[%emt 00:00:13]}
66. Ka4 {[%clk 00:35:39]} {[%emt 00:00:02]} Qb4# {[%clk 00:23:42]} {[%emt
00:00:11]} 0-1

[Event "DEM U18w 2025"]
[Site "Willingen GER"]
[Date "2025.06.14"]
[Round "9"]
[White "Reich, Elisabeth"]
[Black "Trunz, Michelle"]
[Result "0-1"]
[Termination "normal"]
[Board "6"]
[BlackTitle "WFM"]
[WhiteElo "1830"]
[BlackElo "2061"]
[WhiteClock "00:40:05"]
[BlackClock "00:15:17"]
[PlyCount "116"]
[WhiteFideId "16239776"]
[BlackFideId "16227980"]
[EventCountry "GER"]
[EventRounds "9"]
[EventType "swiss"]
[EventDate "2025.06.07"]

1. Nf3 {[%clk 01:30:58]} {[%emt 00:00:01]} d5 {[%clk 01:30:56]} {[%emt
00:00:04]} 2. g3 {[%clk 01:31:24]} {[%emt 00:00:05]} Nf6 {[%clk 01:31:20]}
{[%emt 00:00:07]} 3. Bg2 {[%clk 01:31:46]} {[%emt 00:00:07]} c6 {[%clk
01:31:31]} {[%emt 00:00:19]} 4. d3 {[%clk 01:32:10]} {[%emt 00:00:07]} Bf5
{[%clk 01:31:49]} {[%emt 00:00:11]} 5. Nbd2 {[%clk 01:32:30]} {[%emt 00:00:10]}
e6 {[%clk 01:31:59]} {[%emt 00:00:20]} 6. O-O {[%clk 01:32:53]} {[%emt
00:00:07]} h6 {[%clk 01:32:04]} {[%emt 00:00:25]} 7. Re1 {[%clk 01:31:57]}
{[%emt 00:01:24]} Be7 {[%clk 01:32:26]} {[%emt 00:00:10]} 8. c3 {[%clk
01:30:19]} {[%emt 00:02:07]} O-O {[%clk 01:31:54]} {[%emt 00:01:02]} 9. Qc2
{[%clk 01:30:07]} {[%emt 00:00:41]} Bh7 {[%clk 01:29:42]} {[%emt 00:02:43]} 10.
e4 {[%clk 01:25:41]} {[%emt 00:04:55]} a5 {[%clk 01:25:17]} {[%emt 00:04:56]}
11. a4 {[%clk 01:24:59]} {[%emt 00:01:12]} Na6 {[%clk 01:23:56]} {[%emt
00:01:51]} 12. exd5 {[%clk 01:23:11]} {[%emt 00:02:17]} exd5 {[%clk 01:18:13]}
{[%emt 00:06:13]} 13. Nb3 {[%clk 01:21:06]} {[%emt 00:02:35]} Re8 {[%clk
01:14:16]} {[%emt 00:04:28]} 14. Be3 {[%clk 01:17:09]} {[%emt 00:04:25]} c5
{[%clk 01:11:00]} {[%emt 00:03:47]} 15. Qd2 {[%clk 01:16:32]} {[%emt 00:01:06]}
Qb6 {[%clk 01:08:11]} {[%emt 00:03:20]} 16. Nc1 {[%clk 01:16:15]} {[%emt
00:00:46]} Rad8 {[%clk 01:03:24]} {[%emt 00:05:18]} 17. d4 {[%clk 01:08:27]}
{[%emt 00:08:17]} c4 {[%clk 00:58:02]} {[%emt 00:05:53]} 18. Ne2 {[%clk
01:05:02]} {[%emt 00:03:53]} Nc7 {[%clk 00:47:33]} {[%emt 00:11:01]} 19. Nf4
{[%clk 01:01:48]} {[%emt 00:03:44]} g5 {[%clk 00:45:10]} {[%emt 00:02:53]} 20.
Ne2 {[%clk 01:01:30]} {[%emt 00:00:48]} Ne4 {[%clk 00:45:20]} {[%emt 00:00:21]}
21. Qc1 {[%clk 01:01:17]} {[%emt 00:00:41]} Qg6 {[%clk 00:38:08]} {[%emt
00:07:42]} 22. Ne5 {[%clk 00:59:43]} {[%emt 00:02:04]} Qg7 {[%clk 00:37:30]}
{[%emt 00:01:09]} 23. Bxe4 {[%clk 00:55:32]} {[%emt 00:04:40]} Bxe4 {[%clk
00:37:33]} {[%emt 00:00:28]} 24. f3 {[%clk 00:54:51]} {[%emt 00:01:11]} Bf5
{[%clk 00:35:27]} {[%emt 00:02:36]} 25. Ng4 {[%clk 00:38:35]} {[%emt 00:16:45]}
Bxg4 {[%clk 00:35:12]} {[%emt 00:00:45]} 26. fxg4 {[%clk 00:39:03]} {[%emt
00:00:01]} Bd6 {[%clk 00:33:37]} {[%emt 00:02:06]} 27. Bd2 {[%clk 00:36:28]}
{[%emt 00:03:04]} Re4 {[%clk 00:32:22]} {[%emt 00:01:45]} 28. h3 {[%clk
00:36:46]} {[%emt 00:00:12]} Rde8 {[%clk 00:30:49]} {[%emt 00:02:03]} 29. Qd1
{[%clk 00:36:27]} {[%emt 00:00:48]} Qg6 {[%clk 00:23:54]} {[%emt 00:07:27]} 30.
Kg2 {[%clk 00:34:54]} {[%emt 00:02:02]} R8e6 {[%clk 00:15:33]} {[%emt
00:08:52]} 31. Rb1 {[%clk 00:32:26]} {[%emt 00:02:56]} Rxe2+ {[%clk 00:14:55]}
{[%emt 00:01:09]} 32. Rxe2 {[%clk 00:32:15]} {[%emt 00:00:41]} Rxe2+ {[%clk
00:15:24]} {[%emt 00:00:01]} 33. Qxe2 {[%clk 00:32:22]} {[%emt 00:00:23]} Qxb1
{[%clk 00:15:52]} {[%emt 00:00:01]} 34. Be3 {[%clk 00:32:34]} {[%emt 00:00:18]}
Qe4+ {[%clk 00:14:49]} {[%emt 00:01:34]} 35. Kh2 {[%clk 00:32:56]} {[%emt
00:00:08]} Bf4 {[%clk 00:12:27]} {[%emt 00:02:52]} 36. gxf4 {[%clk 00:32:34]}
{[%emt 00:00:52]} gxf4 {[%clk 00:12:49]} {[%emt 00:00:07]} 37. Qf2 {[%clk
00:32:44]} {[%emt 00:00:20]} fxe3 {[%clk 00:11:16]} {[%emt 00:02:04]} 38. Qe2
{[%clk 00:32:56]} {[%emt 00:00:17]} Ne6 {[%clk 00:11:17]} {[%emt 00:00:30]} 39.
Kg3 {[%clk 00:33:08]} {[%emt 00:00:17]} Nf4 {[%clk 00:11:25]} {[%emt 00:00:22]}
40. Qf3 {[%clk 00:33:28]} {[%emt 00:00:09]} Qxf3+ {[%clk 00:10:37]} {[%emt
00:01:20]} 41. Kxf3 {[%clk 00:33:53]} {[%emt 00:00:05]} e2 {[%clk 00:10:56]}
{[%emt 00:00:11]} 42. Kf2 {[%clk 00:34:14]} {[%emt 00:00:07]} Nd3+ {[%clk
00:10:38]} {[%emt 00:00:49]} 43. Kxe2 {[%clk 00:34:37]} {[%emt 00:00:06]} Nxb2
{[%clk 00:11:06]} {[%emt 00:00:04]} 44. h4 {[%clk 00:34:58]} {[%emt 00:00:08]}
Nxa4 {[%clk 00:11:29]} {[%emt 00:00:07]} 45. Kd2 {[%clk 00:35:23]} {[%emt
00:00:03]} b5 {[%clk 00:11:35]} {[%emt 00:00:25]} 46. Kc2 {[%clk 00:35:45]}
{[%emt 00:00:08]} b4 {[%clk 00:11:57]} {[%emt 00:00:08]} 47. cxb4 {[%clk
00:36:10]} {[%emt 00:00:06]} axb4 {[%clk 00:12:26]} {[%emt 00:00:02]} 48. g5
{[%clk 00:36:34]} {[%emt 00:00:05]} hxg5 {[%clk 00:12:51]} {[%emt 00:00:04]}
49. hxg5 {[%clk 00:36:54]} {[%emt 00:00:10]} b3+ {[%clk 00:13:09]} {[%emt
00:00:12]} 50. Kb1 {[%clk 00:37:16]} {[%emt 00:00:08]} Nc3+ {[%clk 00:13:14]}
{[%emt 00:00:26]} 51. Kb2 {[%clk 00:37:38]} {[%emt 00:00:06]} Ne2 {[%clk
00:13:29]} {[%emt 00:00:15]} 52. Ka3 {[%clk 00:37:53]} {[%emt 00:00:15]} Nxd4
{[%clk 00:13:47]} {[%emt 00:00:12]} 53. g6 {[%clk 00:38:13]} {[%emt 00:00:10]}
f5 {[%clk 00:14:10]} {[%emt 00:00:07]} 54. g7 {[%clk 00:38:37]} {[%emt
00:00:06]} c3 {[%clk 00:14:04]} {[%emt 00:00:36]} 55. Ka4 {[%clk 00:38:58]}
{[%emt 00:00:09]} b2 {[%clk 00:14:14]} {[%emt 00:00:20]} 56. Ka3 {[%clk
00:39:15]} {[%emt 00:00:12]} b1=Q {[%clk 00:14:29]} {[%emt 00:00:17]} 57. Ka4
{[%clk 00:39:41]} {[%emt 00:00:04]} Qb5+ {[%clk 00:14:51]} {[%emt 00:00:08]}
58. Ka3 {[%clk 00:40:05]} {[%emt 00:00:05]} Qb3# {[%clk 00:15:17]} {[%emt
00:00:05]} 0-1

[Event "DEM U18w 2025"]
[Site "Willingen GER"]
[Date "2025.06.14"]
[Round "9"]
[White "von Beckh, Frieda"]
[Black "Fetahovic, Sarah"]
[Result "0-1"]
[Termination "normal"]
[Board "7"]
[WhiteElo "1799"]
[BlackElo "1883"]
[WhiteClock "00:00:31"]
[BlackClock "00:00:46"]
[PlyCount "66"]
[WhiteFideId "16233751"]
[BlackFideId "34601546"]
[EventCountry "GER"]
[EventRounds "9"]
[EventType "swiss"]
[EventDate "2025.06.07"]

1. e4 {[%clk 01:30:57]} {[%emt 00:00:03]} e5 {[%clk 01:30:56]} {[%emt
00:00:06]} 2. Nf3 {[%clk 01:31:20]} {[%emt 00:00:06]} Nc6 {[%clk 01:31:22]}
{[%emt 00:00:05]} 3. d4 {[%clk 01:31:46]} {[%emt 00:00:03]} exd4 {[%clk
01:31:44]} {[%emt 00:00:08]} 4. Nxd4 {[%clk 01:30:57]} {[%emt 00:01:20]} Nf6
{[%clk 01:32:00]} {[%emt 00:00:14]} 5. Nc3 {[%clk 01:31:19]} {[%emt 00:00:07]}
Bb4 {[%clk 01:32:22]} {[%emt 00:00:09]} 6. Nxc6 {[%clk 01:31:32]} {[%emt
00:00:17]} bxc6 {[%clk 01:32:45]} {[%emt 00:00:07]} 7. Bd3 {[%clk 01:31:58]}
{[%emt 00:00:04]} O-O {[%clk 01:31:55]} {[%emt 00:01:21]} 8. O-O {[%clk
01:30:54]} {[%emt 00:01:34]} Re8 {[%clk 01:31:21]} {[%emt 00:01:04]} 9. Bg5
{[%clk 01:30:27]} {[%emt 00:00:56]} Qe7 {[%clk 01:23:39]} {[%emt 00:08:13]} 10.
Qf3 {[%clk 01:24:58]} {[%emt 00:05:59]} Bxc3 {[%clk 01:06:46]} {[%emt
00:17:24]} 11. bxc3 {[%clk 01:25:19]} {[%emt 00:00:08]} d6 {[%clk 01:03:52]}
{[%emt 00:03:24]} 12. Rab1 {[%clk 01:00:55]} {[%emt 00:24:53]} Be6 {[%clk
00:48:46]} {[%emt 00:15:37]} 13. Rb2 {[%clk 00:47:51]} {[%emt 00:13:34]} Rab8
{[%clk 00:42:29]} {[%emt 00:06:46]} 14. Rfb1 {[%clk 00:47:16]} {[%emt
00:01:05]} Rb6 {[%clk 00:40:31]} {[%emt 00:02:29]} 15. Be3 {[%clk 00:41:18]}
{[%emt 00:06:25]} c5 {[%clk 00:40:14]} {[%emt 00:00:49]} 16. c4 {[%clk
00:25:45]} {[%emt 00:16:02]} Reb8 {[%clk 00:29:16]} {[%emt 00:11:29]} 17. Bc1
{[%clk 00:18:34]} {[%emt 00:07:42]} Ng4 {[%clk 00:16:56]} {[%emt 00:12:50]} 18.
Qe2 {[%clk 00:16:52]} {[%emt 00:02:11]} Qf6 {[%clk 00:15:40]} {[%emt 00:01:47]}
19. Rb3 {[%clk 00:14:18]} {[%emt 00:03:03]} Qh4 {[%clk 00:09:15]} {[%emt
00:06:56]} 20. Bf4 {[%clk 00:13:28]} {[%emt 00:01:19]} Qf6 {[%clk 00:08:45]}
{[%emt 00:01:02]} 21. Bc1 {[%clk 00:12:06]} {[%emt 00:01:53]} a5 {[%clk
00:04:57]} {[%emt 00:04:16]} 22. a4 {[%clk 00:10:19]} {[%emt 00:02:16]} Ne5
{[%clk 00:03:59]} {[%emt 00:01:28]} 23. Bd2 {[%clk 00:09:09]} {[%emt 00:01:40]}
Nc6 {[%clk 00:04:15]} {[%emt 00:00:16]} 24. Rxb6 {[%clk 00:08:57]} {[%emt
00:00:41]} Rxb6 {[%clk 00:04:39]} {[%emt 00:00:08]} 25. Rxb6 {[%clk 00:08:36]}
{[%emt 00:00:51]} Qa1+ {[%clk 00:03:11]} {[%emt 00:01:58]} 26. Be1 {[%clk
00:05:56]} {[%emt 00:03:09]} cxb6 {[%clk 00:03:28]} {[%emt 00:00:14]} 27. c3
{[%clk 00:05:15]} {[%emt 00:01:10]} Ne5 {[%clk 00:02:58]} {[%emt 00:01:01]} 28.
Bc2 {[%clk 00:05:12]} {[%emt 00:00:33]} Bxc4 {[%clk 00:01:18]} {[%emt
00:02:10]} 29. Qe3 {[%clk 00:04:18]} {[%emt 00:01:24]} Ba6 {[%clk 00:00:56]}
{[%emt 00:00:52]} 30. f4 {[%clk 00:02:53]} {[%emt 00:01:53]} Nc4 {[%clk
00:00:41]} {[%emt 00:00:46]} 31. Qg3 {[%clk 00:03:16]} {[%emt 00:00:08]} Na3
{[%clk 00:00:35]} {[%emt 00:00:36]} 32. Qh4 {[%clk 00:00:33]} {[%emt 00:03:12]}
f6 {[%clk 00:00:32]} {[%emt 00:00:33]} 33. e5 {[%clk 00:00:31]} {[%emt
00:00:32]} Nxc2 {[%clk 00:00:46]} {[%emt 00:00:15]} 0-1

[Event "DEM U18w 2025"]
[Site "Willingen GER"]
[Date "2025.06.14"]
[Round "9"]
[White "Ulrich, Helena Irene"]
[Black "Englert, Lin"]
[Result "0-1"]
[Termination "normal"]
[Board "8"]
[WhiteElo "1841"]
[BlackElo "1797"]
[WhiteClock "00:35:17"]
[BlackClock "00:40:58"]
[PlyCount "48"]
[WhiteFideId "16256000"]
[BlackFideId "16226410"]
[EventCountry "GER"]
[EventRounds "9"]
[EventType "swiss"]
[EventDate "2025.06.07"]

1. e4 {[%clk 01:30:59]} {[%emt 00:00:01]} c5 {[%clk 01:30:55]} {[%emt
00:00:06]} 2. Nf3 {[%clk 01:31:25]} {[%emt 00:00:05]} Nc6 {[%clk 01:31:18]}
{[%emt 00:00:05]} 3. d4 {[%clk 01:31:52]} {[%emt 00:00:03]} cxd4 {[%clk
01:31:41]} {[%emt 00:00:08]} 4. Nxd4 {[%clk 01:32:18]} {[%emt 00:00:04]} g6
{[%clk 01:31:52]} {[%emt 00:00:18]} 5. c4 {[%clk 01:32:42]} {[%emt 00:00:06]}
Bg7 {[%clk 01:32:12]} {[%emt 00:00:10]} 6. Be3 {[%clk 01:33:08]} {[%emt
00:00:04]} Qb6 {[%clk 01:31:43]} {[%emt 00:01:00]} 7. Nb5 {[%clk 01:08:14]}
{[%emt 00:25:24]} Qa5+ {[%clk 01:29:30]} {[%emt 00:02:42]} 8. Bd2 {[%clk
01:05:27]} {[%emt 00:03:18]} Qd8 {[%clk 01:29:09]} {[%emt 00:00:51]} 9. Bc3
{[%clk 00:57:21]} {[%emt 00:08:36]} Nf6 {[%clk 01:21:38]} {[%emt 00:08:01]} 10.
f3 {[%clk 00:54:17]} {[%emt 00:03:34]} d6 {[%clk 01:19:50]} {[%emt 00:02:18]}
11. Be2 {[%clk 00:53:43]} {[%emt 00:01:04]} O-O {[%clk 01:19:51]} {[%emt
00:00:30]} 12. O-O {[%clk 00:53:37]} {[%emt 00:00:36]} Qb6+ {[%clk 01:16:58]}
{[%emt 00:03:22]} 13. Kh1 {[%clk 00:52:38]} {[%emt 00:01:29]} a6 {[%clk
01:06:37]} {[%emt 00:10:52]} 14. Nd4 {[%clk 00:52:29]} {[%emt 00:00:39]} Re8
{[%clk 01:02:37]} {[%emt 00:04:30]} 15. Na3 {[%clk 00:49:31]} {[%emt 00:03:28]}
Nxe4 {[%clk 00:57:12]} {[%emt 00:05:57]} 16. Nxc6 {[%clk 00:43:47]} {[%emt
00:06:12]} Nxc3 {[%clk 00:57:30]} {[%emt 00:00:12]} 17. Nxe7+ {[%clk 00:44:14]}
{[%emt 00:00:03]} Rxe7 {[%clk 00:57:53]} {[%emt 00:00:06]} 18. bxc3 {[%clk
00:44:41]} {[%emt 00:00:03]} Bxc3 {[%clk 00:57:42]} {[%emt 00:00:42]} 19. Rb1
{[%clk 00:42:39]} {[%emt 00:02:31]} Qc5 {[%clk 00:53:58]} {[%emt 00:04:13]} 20.
Nc2 {[%clk 00:40:51]} {[%emt 00:02:18]} Be6 {[%clk 00:50:56]} {[%emt 00:03:33]}
21. Qd3 {[%clk 00:38:48]} {[%emt 00:02:33]} Bg7 {[%clk 00:50:47]} {[%emt
00:00:39]} 22. Rfd1 {[%clk 00:37:16]} {[%emt 00:02:01]} Bf5 {[%clk 00:45:34]}
{[%emt 00:05:42]} 23. Qd2 {[%clk 00:36:47]} {[%emt 00:01:01]} Bh6 {[%clk
00:42:43]} {[%emt 00:03:22]} 24. f4 {[%clk 00:35:17]} {[%emt 00:02:00]} Bxf4
{[%clk 00:40:58]} {[%emt 00:02:15]} 0-1